ဘာသာရေးပြဿနာများအဖြေနှင့်စစ်တပ်တရားတော် / (Record no. 43587)

000 -LEADER
fixed length control field 00943nam a2200217Ia 4500
003 - CONTROL NUMBER IDENTIFIER
control field OSt
005 - DATE AND TIME OF LATEST TRANSACTION
control field 20250521091536.0
007 - PHYSICAL DESCRIPTION FIXED FIELD--GENERAL INFORMATION
fixed length control field ca aa aaaaa
008 - FIXED-LENGTH DATA ELEMENTS--GENERAL INFORMATION
fixed length control field 201103s9999 xx 000 0 und d
040 ## - CATALOGING SOURCE
Transcribing agency SSBUL
041 ## - LANGUAGE CODE
Language code of text/sound track or separate title bur
082 ## - DEWEY DECIMAL CLASSIFICATION NUMBER
Classification number ၂၉၄.၃၇၅ ဇ
Item number ၂၀၃၆ S-SAT
100 0# - MAIN ENTRY--PERSONAL NAME
Personal name ဇနကာဘိဝံသ၊ အရှင်။
245 10 - TITLE STATEMENT
Title ဘာသာရေးပြဿနာများအဖြေနှင့်စစ်တပ်တရားတော် /
Statement of responsibility, etc. အရှင်ဇနကာဘိဝံသ။
260 ## - PUBLICATION, DISTRIBUTION, ETC.
Place of publication, distribution, etc. အမရပူရ ၊
Name of publisher, distributor, etc. မဟာဂန္ဓာရုံစာပေ၊
Date of publication, distribution, etc. ၁၉၉၇။
300 ## - PHYSICAL DESCRIPTION
Extent ဍ၊ ၁၃၀ စာမျက်နှာ ၊
Dimensions ၁၈ စင်တီ။
500 ## - GENERAL NOTE
General note S-SAT: Prof. Dr. Sai Aung Tun
650 ## - SUBJECT ADDED ENTRY--TOPICAL TERM
Topical term or geographic name entry element ဗုဒ္ဓဘာသာ
General subdivision အမေးအဖြေ
Topical term or geographic name entry element ဗုဒ္ဓဘာသာတရားတော်
9 (RLIN) 30256
942 ## - ADDED ENTRY ELEMENTS (KOHA)
Koha item type Book (Short term)
Source of classification or shelving scheme
Holdings
Withdrawn status Lost status Source of classification or shelving scheme Damaged status Not for loan Collection code Permanent Location Current Location Shelving location Date acquired Total Checkouts Full call number Barcode Date last seen Price effective from Koha item type Accession
          Special Collections Shan State Buddhist University Library Shan State Buddhist University Library Special Collection Shelves 21/05/2025   ၂၉၄.၃၇၅ ဇ ၉၀၉၅ S-SAT MB00009095 21/05/2025 21/05/2025 Book (Short term) ၉၀၉၅ S-SAT

Library - 09407999929
Admin Office - 09407999979
Dean Office - 09250910768
Registrar Office - 09892297154
Email - [email protected]
Shan State Buddhist University, Phaya Phyu Taunggyi, Shan State, Myanmar.